000 01869nam0a2200397 4500
001 RU\NLR\bibl\1378471
005 20260406122833.0
010 _a978-5-488-02304-8
_910000
021 _aRU
_b2009-27834
_91667
035 _a(nilc)IZD\ONIKS\2007\A00003051
035 _a(NLR Aleph) 001370574
090 _a1039063
_c1039063
100 _a20090521d2009 |||y0rusy50 ca
101 0 _arus
102 _aRU
105 _aa |||||||||
200 1 _aГараж. Погреб. Мастерская
_eматериалы, инструменты, технология строительства
_e[практическое руководство
_fсост.: В.И. Рыженко]
210 _aМосква
_cОникс
_d2009
215 _a30,[2] с.
_cил.
_d20
225 1 _aВ помощь домашнему мастеру
330 _aОзнакомившись с книгой, вы сможете самостоятельно, не прибегая к посторонней помощи, построить гараж, мастерскую, погреб
606 1 _aГаражи индивидуальные
_xСтроительство
_92182041
_3RU\NLR\auth\661312109
606 1 _aПогреба
_xСтроительство
_91868560
_3RU\NLR\auth\66848027
686 _a0500
_aИндивидуальное и приусадебное строительство
_2TCC-BG
686 _a38.711.1
_vLBC/RL
_2rubbk
686 _aН743.22
686 _aН711.8
702 1 _4220
_8rus
_7ca
_aРыженко
_bВ.И.
_gВалентина Ивановна
_3RU\NLR\auth\77766
_9110806
801 0 _aRU
_bЛИБНЕТ
_c20090521
_gRCR
801 1 _aRU
_bЛИБНЕТ
_c20090521
801 2 _aRU
_bВладимирская ОУНБ
_c20090611
_grcr
801 2 _aRU
_bNLR
_c20090605
_grcr
830 _aCODE_OF_LIBNET\000034338
942 _cBOOK
980 _aNB